000 01014nam a2200241 a 4500
001 85947
003 BD-RjUL
005 20251113111446.0
008 251113s2001 bg ||||| |||| 00| 0 ben d
020 _a9843110897
035 _a(BD-RjUL)85947
040 _aBD-RjUL
_beng
_cBD-RjUL
041 _aben
082 _223
_a639.9
_bHAJ 2001
100 _aহেইগ্যন, রয় এ.
_917317
245 _aজীববৈচিত্র্য সংরক্ষণ কর্মকৌশল ও কর্মপরিকল্পনা প্রণয়ণ অনুসরণিকা /
_cরয় এ. হেইগ্যন ; ভাষান্তর আইনুন নিশাত
260 _c২০০১
300 _a৬৯ পৃ.:
_bচিত্রসমূহ;
_c২৫ সেমি.
650 _aজৈবিক সম্পদ সংরক্ষণ
_917318
650 _aConservation of biological resources
_917319
700 _aনিশাত, আইনুন
_917320
942 _2ddc
_cBK
999 _c85947
_d85947